LEADER 01427cam2-2200457---450 001 990000414980203316 005 20180309144914.0 010 $a88-216-0639-2$b(ed. lusso) 035 $a0041498 035 $aUSA010041498 035 $a(ALEPH)000041498USA01 035 $a0041498 100 $a20170207d1999----km y0itay5003 ba 101 0 $aita$aeng$afre 102 $aIT 105 $aa 00 y 200 1 $aSoragna$ftesti di Giuseppe Cirillo, Giovanni Godi, Bruno Colombi$gfotografie di Giovanni Ricci 205 $a2. ed. accresciuta 210 $aMilano$cF. M. Ricci$d1999 215 $aXCV p.$cill.$d31 x 31 cm 225 2 $aGrand tour$v8 300 $aTesto anche in francese e inglese 300 $aIn custodia 410 0$1001000285579$12001$aGrand tour$v, 8 606 $aArte$ySoragna$2BNCF 676 $a709.4544 700 1$aRICCI,$bGiovanni$f<1953- >$0318725 702 1$aCIRILLO,$bGiuseppe$f<1946- > 702 1$aGODI,$bGiovanni 702 1$aCOLOMBI,$bBruno 801 0$aIT$bsalbc$gISBD 912 $a990000414980203316 951 $aXII.2. Coll.34/ 8(VII E Coll. 107 8)$b155167 L.M.$cVII E Coll.$d00007719 959 $aBK 969 $aUMA 979 $aALESSANDRA$b40$c20010424$lUSA01$h1343 979 $c20020403$lUSA01$h1649 979 $aPATRY$b90$c20040406$lUSA01$h1629 979 $aCOPAT6$b90$c20060222$lUSA01$h1404 996 $aSoragna$91502635 997 $aUNISA LEADER 02746nam 2200481 450 001 9910788782803321 005 20220822054243.0 010 $a0-8218-7620-1 035 $a(CKB)3240000000069560 035 $a(EBL)3113015 035 $a(MiAaPQ)EBC3113015 035 $a(RPAM)952750 035 $a(PPN)197103529 035 $a(EXLCZ)993240000000069560 100 $a19841029h19841984 uy| 0 101 0 $aeng 135 $aur|n|---||||| 181 $2rdacontent 182 $2rdamedia 183 $2rdacarrier 200 10$aFour-manifold theory /$fCameron Gordon and Robion Kirby, editors 210 1$aProvidence, Rhode Island :$cAmerican Mathematical Society,$d[1984] 210 4$d©1984 215 $a1 online resource (538 p.) 225 1 $aContemporary mathematics,$v35$x0271-4132 300 $a"Proceedings of the AMS-IMS-SIAM Joint Summer Research Conference in the Mathematical Sciences on Four-Manifold Theory, held at Durham, New Hampshire, July 4-10, 1982"--Title page verso. 311 $a0-8218-5033-4 320 $aIncludes bibliographies. 327 $aTable of Contents -- Preface -- Fibered Knots and Involutions on Homotopy Spheres -- A Fake 4-Manifold -- Approximating Cell-Like Maps of S4 by Homeomorphisms -- Linking Numbers in Branched Covers -- Atomic Surgery Problems -- Smooth 4-Manifolds with Definite Intersection Form -- The Solution of the 4-Dimensional Annulus Conjecture -- An I-Invariant One Homology 3-Sphere that Bounds an Orientable Rational Ball -- Another Construction of an Exotic S1 x S3 # S2 x S2 -- On Freedman's Reimbedding Theorems -- The Homology of the Mapping Class Group and its Connection to Surface Bundles over Surfaces -- Rochlin Invariant and I?±-Invariant -- Cobordism of Satellite Knots -- Complex Structures on 4-Manifolds -- Good Torus Fibrations -- 4-Dimensional Oriented Bordism -- A New Proof of the Homology Torus and Annulus Theorem -- Fibered Knots fn S4-Twisting, Spinning, Rolling, Surgery, and Branching -- The Embedding Theorem for Towers -- Smooth Structures on 4-Manifolds -- Concordance of Links in S4 -- Constructions of Quasipositfve Knots and Links, II -- An Introduction to Self-Dual Connections -- 4-Manifold Problems. 410 0$aContemporary mathematics (American Mathematical Society).$v35$x0271-4132 606 $aFour-manifolds (Topology) 615 0$aFour-manifolds (Topology) 676 $a514/.223 702 $aGordon$b Cameron$f1945- 702 $aKirby$b Robion C.$f1938- 712 02$aAmerican Mathematical Society, 801 0$bMiAaPQ 801 1$bMiAaPQ 801 2$bMiAaPQ 906 $aBOOK 912 $a9910788782803321 996 $aFour- manifold theory$9383917 997 $aUNINA